জ্যোতির্বিজ্ঞান ও জ্যোতিপদার্থবিজ্ঞান : (Record no. 13066)
[ view plain ]
| 000 -LEADER | |
|---|---|
| fixed length control field | 01185nam a2200265 a 4500 |
| 001 - CONTROL NUMBER | |
| JCCL Control Number | 13066 |
| 003 - CONTROL NUMBER IDENTIFIER | |
| JCCL marc code | BD-JhCC |
| 005 - DATE AND TIME OF LATEST TRANSACTION | |
| control field | 20230617113827.0 |
| 008 - FIXED-LENGTH DATA ELEMENTS--GENERAL INFORMATION | |
| fixed length control field | 230616b2019 bg |||| ||a| 00| 0 ben d |
| 020 ## - INTERNATIONAL STANDARD BOOK NUMBER | |
| International Standard Book Number | 9789849353577 |
| 035 ## - SYSTEM CONTROL NUMBER | |
| system control number | (BD-JhCC)13066 |
| 040 ## - CATALOGING SOURCE | |
| Original cataloging agency | BD-JhCC |
| Modifying agency | BD-JhCC |
| 041 ## - LANGUAGE CODE | |
| Language code of Book | Bengali |
| 082 ## - DEWEY DECIMAL CLASSIFICATION NUMBER | |
| Author mark and Year | MUS 2019 |
| Classification number | 520.576 |
| 100 ## - MAIN ENTRY--PERSONAL NAME | |
| Personal name | মুসতাভী, শাকিব |
| 245 ## - TITLE STATEMENT | |
| Title | জ্যোতির্বিজ্ঞান ও জ্যোতিপদার্থবিজ্ঞান : |
| Remainder of title | লক্ষ যখন অলিম্পিয়াড / |
| Statement of responsibility, etc | শাকিব মুসতাভী, সম্পা: ড. ফারসীম মান্নান মোহাম্মদী,সৌমেন সাহা ,সৌমিত্র চক্রবর্তী। |
| 260 ## - PUBLICATION, DISTRIBUTION, ETC. (IMPRINT) | |
| Place of publication, distribution, etc | ঢাকা: |
| Name of publisher, distributor, etc | অনুপম প্রকাশনী; |
| Date of publication, distribution, etc | 2019. |
| 300 ## - PHYSICAL DESCRIPTION | |
| Pagination | 176 p. : |
| Dimensions | 22 cm. |
| 650 ## - SUBJECT ADDED ENTRY--TOPICAL TERM | |
| Topical term or geographic name as entry element | Astronomy |
| 650 ## - SUBJECT ADDED ENTRY--TOPICAL TERM | |
| Topical term or geographic name as entry element | Physics Olympiad |
| 700 ## - ADDED ENTRY--PERSONAL NAME | |
| Personal name | মোহাম্মদী, ড. ফারসীম মান্নান |
| 700 ## - ADDED ENTRY--PERSONAL NAME | |
| Personal name | সাহা ,সৌমেন |
| 700 ## - ADDED ENTRY--PERSONAL NAME | |
| Personal name | চক্রবর্তী সৌমিত্র |
| 942 ## - ADDED ENTRY ELEMENTS (KOHA) | |
| Source of classification or shelving scheme | Dewey Decimal Classification |
| Koha item type | Books |
| Source of classification or shelving scheme | Damaged status | Not for loan | Home library | Current library | Shelving location | Date of accession | Cost, normal purchase price | Full call number | Barcode | Date last seen | Copy number | Method of acquisition | Koha item type | Currency |
|---|---|---|---|---|---|---|---|---|---|---|---|---|---|---|
| Dewey Decimal Classification | JCC Rouf Library | JCC Rouf Library | General Stacks | 06/16/2023 | 280.00 | 520.576 MUS 2019 | 17880 | 06/16/2023 | C-1 | Purchase | Books | BDT |